<?xml version="1.0" encoding="UTF-8"?>
<record
    xmlns:xsi="http://www.w3.org/2001/XMLSchema-instance"
    xsi:schemaLocation="http://www.loc.gov/MARC21/slim http://www.loc.gov/standards/marcxml/schema/MARC21slim.xsd"
    xmlns="http://www.loc.gov/MARC21/slim">

  <leader>01279nam a22003137a 4500</leader>
  <controlfield tag="003">OSt</controlfield>
  <controlfield tag="005">20170821133321.0</controlfield>
  <controlfield tag="008">170730s1996    ua a   gr     001 0cara d</controlfield>
  <datafield tag="040" ind1=" " ind2=" ">
    <subfield code="a">EG-ScBUE </subfield>
    <subfield code="b">ara</subfield>
    <subfield code="c">EG-ScBUE </subfield>
  </datafield>
  <datafield tag="043" ind1=" " ind2=" ">
    <subfield code="a">f-ua---</subfield>
  </datafield>
  <datafield tag="082" ind1="0" ind2="4">
    <subfield code="a">281.72</subfield>
    <subfield code="b">&#x637; &#x648; &#x633;</subfield>
    <subfield code="2">22</subfield>
  </datafield>
  <datafield tag="100" ind1="1" ind2=" ">
    <subfield code="a">&#x637;&#x648;&#x633;&#x648;&#x646;&#x60C; &#x639;&#x645;&#x631;&#x60C;</subfield>
    <subfield code="c">&#x627;&#x644;&#x623;&#x645;&#x64A;&#x631;&#x60C;</subfield>
    <subfield code="d">1944-1872.</subfield>
    <subfield code="9">26333</subfield>
  </datafield>
  <datafield tag="245" ind1="1" ind2="0">
    <subfield code="a">&#x648;&#x627;&#x62F;&#x64A; &#x627;&#x644;&#x646;&#x637;&#x631;&#x648;&#x646; &#x648;&#x631;&#x647;&#x628;&#x627;&#x646;&#x647; &#x648;&#x623;&#x62F;&#x64A;&#x631;&#x62A;&#x647; &#x648;&#x645;&#x62E;&#x62A;&#x635;&#x631; &#x62A;&#x627;&#x631;&#x64A;&#x62E; &#x627;&#x644;&#x628;&#x637;&#x627;&#x631;&#x643;&#x629; &#x61B;</subfield>
    <subfield code="b">&#x645;&#x630;&#x64A;&#x644; &#x628;&#x643;&#x62A;&#x627;&#x628; &#x62A;&#x627;&#x631;&#x64A;&#x62E; &#x627;&#x644;&#x623;&#x62F;&#x64A;&#x631;&#x629; &#x627;&#x644;&#x628;&#x62D;&#x631;&#x64A;&#x629;&#x60C; 1354-1935 /</subfield>
    <subfield code="c">[&#x639;&#x645;&#x631; &#x637;&#x648;&#x633;&#x648;&#x646;]</subfield>
  </datafield>
  <datafield tag="246" ind1="3" ind2="4">
    <subfield code="a">&#x62A;&#x627;&#x631;&#x64A;&#x62E; &#x627;&#x644;&#x623;&#x62F;&#x64A;&#x631;&#x629; &#x627;&#x644;&#x628;&#x62D;&#x631;&#x64A;&#x629;&#x60C; 1354-1935</subfield>
  </datafield>
  <datafield tag="250" ind1=" " ind2=" ">
    <subfield code="a">&#x637;. 2.</subfield>
  </datafield>
  <datafield tag="260" ind1=" " ind2=" ">
    <subfield code="a">&#x627;&#x644;&#x642;&#x627;&#x647;&#x631;&#x629; :</subfield>
    <subfield code="b">&#x645;&#x643;&#x62A;&#x628;&#x629; &#x645;&#x62F;&#x628;&#x648;&#x644;&#x64A;&#x60C;</subfield>
    <subfield code="c">1996.</subfield>
  </datafield>
  <datafield tag="300" ind1=" " ind2=" ">
    <subfield code="a">212 &#x635;. :</subfield>
    <subfield code="b">&#x625;&#x64A;&#x636;. &#x61B;</subfield>
    <subfield code="c">24 &#x633;&#x645;.</subfield>
  </datafield>
  <datafield tag="490" ind1="0" ind2=" ">
    <subfield code="a">&#x635;&#x641;&#x62D;&#x627;&#x62A; &#x645;&#x646; &#x62A;&#x627;&#x631;&#x64A;&#x62E; &#x645;&#x635;&#x631; &#x61B;</subfield>
    <subfield code="v">19</subfield>
  </datafield>
  <datafield tag="590" ind1=" " ind2=" ">
    <subfield code="a">&#x633;&#x627;&#x631;&#x629;</subfield>
  </datafield>
  <datafield tag="650" ind1=" " ind2="7">
    <subfield code="a">&#x627;&#x644;&#x643;&#x646;&#x627;&#x626;&#x633;</subfield>
    <subfield code="z">&#x645;&#x635;&#x631;.</subfield>
    <subfield code="2">BUEsh</subfield>
    <subfield code="9">22212</subfield>
  </datafield>
  <datafield tag="650" ind1=" " ind2="7">
    <subfield code="a">&#x627;&#x644;&#x645;&#x633;&#x64A;&#x62D;&#x64A;&#x648;&#x646;</subfield>
    <subfield code="z">&#x645;&#x635;&#x631;.</subfield>
    <subfield code="2">BUEsh</subfield>
    <subfield code="9">31307</subfield>
  </datafield>
  <datafield tag="650" ind1=" " ind2="7">
    <subfield code="2">BUEsh</subfield>
    <subfield code="a">&#x627;&#x644;&#x623;&#x62F;&#x64A;&#x631;&#x629;</subfield>
    <subfield code="z">&#x645;&#x635;&#x631;.</subfield>
  </datafield>
  <datafield tag="650" ind1=" " ind2="7">
    <subfield code="2">BUEsh</subfield>
    <subfield code="a">&#x627;&#x644;&#x628;&#x637;&#x627;&#x631;&#x643;&#x629;</subfield>
    <subfield code="x">&#x62A;&#x627;&#x631;&#x64A;&#x62E;</subfield>
    <subfield code="z">&#x645;&#x635;&#x631;.</subfield>
  </datafield>
  <datafield tag="650" ind1=" " ind2="7">
    <subfield code="2">BUEsh</subfield>
    <subfield code="a">&#x627;&#x644;&#x643;&#x646;&#x627;&#x626;&#x633;</subfield>
    <subfield code="z">&#x645;&#x635;&#x631;.</subfield>
    <subfield code="9">22212</subfield>
  </datafield>
  <datafield tag="651" ind1=" " ind2="7">
    <subfield code="a">&#x645;&#x635;&#x631;</subfield>
    <subfield code="x">&#x622;&#x62B;&#x627;&#x631; &#x645;&#x633;&#x64A;&#x62D;&#x64A;&#x629;.</subfield>
    <subfield code="2">BUEsh</subfield>
  </datafield>
  <datafield tag="653" ind1=" " ind2=" ">
    <subfield code="b">GGEN</subfield>
    <subfield code="c">July2017</subfield>
  </datafield>
  <datafield tag="740" ind1="0" ind2="2">
    <subfield code="a">&#x62A;&#x627;&#x631;&#x64A;&#x62E; &#x627;&#x644;&#x623;&#x62F;&#x64A;&#x631;&#x629; &#x627;&#x644;&#x628;&#x62D;&#x631;&#x64A;&#x629; 1354-1935 &#x645;.</subfield>
  </datafield>
  <datafield tag="942" ind1=" " ind2=" ">
    <subfield code="2">ddc</subfield>
  </datafield>
  <datafield tag="999" ind1=" " ind2=" ">
    <subfield code="c">25086</subfield>
    <subfield code="d">25058</subfield>
  </datafield>
  <datafield tag="952" ind1=" " ind2=" ">
    <subfield code="0">0</subfield>
    <subfield code="1">0</subfield>
    <subfield code="2">ddc</subfield>
    <subfield code="4">0</subfield>
    <subfield code="7">0</subfield>
    <subfield code="8">Madboly</subfield>
    <subfield code="a">MAIN</subfield>
    <subfield code="b">MAIN</subfield>
    <subfield code="c">2ND</subfield>
    <subfield code="d">2017-07-30</subfield>
    <subfield code="e">Purchase</subfield>
    <subfield code="h">04183</subfield>
    <subfield code="o">281.72 &#x637; &#x648; &#x633;</subfield>
    <subfield code="p">000046219</subfield>
    <subfield code="r">2025-07-15 00:00:00</subfield>
    <subfield code="y">BB</subfield>
  </datafield>
</record>
